000 00634nam a2200193Ii 4500
003 JO-AjNU
008 230605s9999||||xx |||||||||||||| ||und||
040 _aJO-AjNU
_bara
_erda
_cJO-AjNU
041 _aara
050 1 4 _aQH273.2.H3342 1982
100 3 _aالحاج ، حميد احمد,
_eauthor
_938417
245 0 0 _aالمبادئ الاساسية للتحضير المجهري الضوئي
264 3 1 _aنيوريوك:جون وايلي ، 1982
300 _a136ص
336 _atext
_btxt
_2rdacontent
337 _aunmediated
_bn
_2rdamedia
338 _avolume
_bnc
_2rdacarrier
650 4 _aالمجهر الضوئي
_938418
999 _aA16139
_c19707
_d19707